| Registos Bibliográficos associados ao registo de autoridade |
|
Etiqueta de registo: 00617cam 02200229 04500 001 4912 003 http://id.bnportugal.gov.pt/bib/catbnp/4912 005 19981110202700.0 095 ## $aPTBN00005043 100 ## $a19791101d1979 m y0pora0103 ba 101 1# $apor$cspa 102 ## $aPT 200 1# $aFrancisco Marto$fMaria Lumi$gtrad. Vicente Codina 205 ## $a1ª ed 210 #9 $aFátima$cSantuário,$d1979 215 ## $a64 p.$cil.$d15 cm 304 ## $aTít. orig. : Francisco Marto 675 ## $a272-36Marto, Francisco, Santo$vBN$zpor$31694986 700 #1 $aLumi,$bMaria,$cpseud.$326464 702 #1 $aCodina,$bVicente$4730$378376 801 #0 $aPT$bBN$gRPC 966 ## $lBN$mFGMON$sH.G. 33928 P. 998 ## $aFSE09 - 00471
Etiqueta de registo: 00613cam 02200229 04500 001 4915 003 http://id.bnportugal.gov.pt/bib/catbnp/4915 005 19981110202800.0 095 ## $aPTBN00005046 100 ## $a19791101d1979 m y0pora0103 ba 101 1# $apor$cspa 102 ## $aPT 200 1# $aJacinta Marto$fMaria Lumi$gtrad. Vicente Codina 205 ## $a1ª ed 210 #9 $aFátima$cSantuário,$d1979 215 ## $a62 p.$cil.$d15 cm 304 ## $aTít. orig. : Jacinta Marto 600 #1 $aMarto,$bJacinta,$cSanta,$f1910-1920$j[Biografias]$2SIPOR$32000867 675 ## $a272-36Marto, Jacinta, Santa$vBN$zpor$31694987 675 ## $a92$vmed$zpor$3288142 700 #1 $aLumi,$bMaria,$cpseud.$326464 702 #1 $aCodina,$bVicente$4730$378376 801 #0 $aPT$bBN$gRPC 966 ## $lBN$mFGMON$sH.G. 33930 P. 974 ## $e0$d20260617$vrsimoes 998 ## $aFSE09 - 00474
|
|
|